All of Sony' Spider-Verse Movies - Statistics

General Stats
  • This quiz has been taken 93 times
    29 since last reset
  • The average score is 19 of 23
Answer Stats
Year Movie % Correct
2002 Spider-Man
100%
2004 Spider-Man 2
100%
2007 Spider-Man 3
100%
2012 The Amazing Spider-Man
100%
2018 Spider-Man Into the Spider Verse
96%
2023 Spider-Man: Across the Spider-Verse
91%
2021 Spider-Man: No Way Home
91%
2014 The Amazing Spider-Man 2
91%
2019 Spider-Man: Far From Home
87%
2017 Spider-Man: Homecoming
87%
2019 Avengers: Endgame
83%
2018 Avengers: Infinity War
83%
2027 Spider-Man: Beyond the Spider-Verse
83%
2018 Venom
83%
2016 Captain America: Civil War
78%
2026 Avengers: Doomsday
74%
2021 Venom: Let There Be Carnage
74%
2024 Madame Web
70%
2026 Spider-Man: Brand New Day
70%
2024 Venom: The Last Dance
70%
2024 Kraven the Hunter
65%
2022 Morbius
65%
2027 Avengers: Secret Wars
57%
No matching quizzes found
Score Distribution
Percent of People with Each Score
Percentile by Number Answered
Your Score History
You have not taken this quiz since the last reset